Jedi - Statistics

General Stats
  • This quiz has been taken 171 times
  • The average score is 6 of 12
Answers on the Grid
Answers color-coded by a green-red scale on the quiz's grid according to % correct below.
Greedo
Luke Skywalker
Han Solo
Jango Fett
Mace Windu
Count Dooku
Padme Amidala
Qui-Gon Jinn
Sheev Palpatine
Asajj Ventress
Darth Maul
Obi-Wan Kenobi
Agen Kolar
Pre Vizla
Din Djarin
Saesee Tiin
Savage Opress
Oppo Rancisis
Sabine Wren
Cad Bane
Yaddle
Kanan Jarrus/Caleb Dume
Aayla Secura
Jar Jar Binks
Finn/FN-2187
Po Dameron
Mon Mothma
Ima Gundi
Kelleren Beq
Kylo Ren
 
Answer Stats
Answer % Correct
Luke Skywalker
98%
Mace Windu
87%
Qui-Gon Jinn
64%
Obi-Wan Kenobi
52%
Yaddle
39%
Aayla Secura
38%
Saesee Tiin
37%
Agen Kolar
35%
Kanan Jarrus/Caleb Dume
35%
Ima Gundi
25%
Oppo Rancisis
25%
Kelleren Beq
23%
No matching quizzes found
Score Distribution
Percent of People with Each Score
Percentile by Number Answered
Your Score History
You have not taken this quiz